Countries that are N, S, E, and W of Another Country - Statistics

General Stats
  • This quiz has been taken 1,793 times
    599 since last reset
  • The average score is 33 of 45
Answer Stats
Surrounded Country that surrounds % Correct
Andorra France | Spain
98%
Bangladesh China | India
96%
Belarus Russia
93%
Bahamas United States
91%
Bolivia Brazil
90%
Bahrain Iran | Saudi Arabia
90%
Bhutan China | India
88%
Belize Mexico
86%
Brunei Indonesia | Malaysia
85%
Finland Russia
81%
Estonia Russia
80%
Cuba United States
80%
Cambodia Vietnam
78%
Monaco France | Italy
77%
Eswatini South Africa
77%
Nepal China | India
76%
Mongolia China | Russia
76%
East Timor Indonesia
76%
Lesotho South Africa
76%
North Korea China | Japan
75%
Luxembourg France
75%
Kuwait Iran | Saudi Arabia
75%
Lithuania Russia
75%
Latvia Russia
74%
Djibouti Ethiopia
73%
Malta Italy
73%
Paraguay Brazil
72%
Qatar Saudi Arabia
72%
Liechtenstein Switzerland
72%
Moldova Russia | Ukraine
71%
San Marino Italy
68%
Gambia Senegal
68%
Burundi Democratic Republic of the Congo
67%
Singapore Indonesia | Malaysia
67%
South Korea China | Japan
65%
Bulgaria Russia
65%
Taiwan China
64%
Vatican City Italy
63%
Ukraine Russia
63%
Romania Russia
61%
Rwanda Democratic Republic of the Congo
60%
Slovenia Italy
55%
Trinidad and Tobago Venezuela
46%
Kosovo Russia
44%
São Tomé and Príncipe Equatorial Guinea
34%
No matching quizzes found
Score Distribution
Percent of People with Each Score
Percentile by Number Answered
Your Score History
You have not taken this quiz since the last reset